Countries Starting with 'I' - Statistics

General Stats
  • This quiz has been taken 186 times
  • The average score is 8 of 9
Answer Stats
Continent Country % Correct
Asia Indonesia
96%
Europe Iceland
95%
Europe Ireland
95%
Asia India
94%
Europe Italy
92%
Asia Iran
91%
Asia Iraq
91%
Asia Israel
83%
Africa Ivory Coast
82%
No matching quizzes found
Score Distribution
Percent of People with Each Score
Percentile by Number Answered
Your Score History
You have not taken this quiz